[Event "Chania Theodorakis Memorial 2nd"]
[Site "Chania"]
[Date "2023.04.22"]
[Round "8"]
[White "Ziomas, Konstantinos Dimitr"]
[Black "Nguyen, Piotr"]
[Result "1/2-1/2"]
[WhiteElo "1811"]
[BlackElo "2394"]
[PlyCount "69"]
[EventDate "2023.04.17"]
[EventType "swiss"]
[EventRounds "9"]
[EventCountry "GRE"]
[SourceTitle "EXT 2024"]
[Source "ChessBase"]
[SourceDate "2023.10.10"]
[SourceVersion "1"]
[SourceVersionDate "2023.10.10"]
[SourceQuality "1"]

1. e4 d6 2. d4 g6 3. Nc3 Bg7 4. Be3 a6 5. a4 Nf6 6. f3 0-0 7. Qd2 Nc6 8. Nge2 Re8 9. g4 Bd7 10. h4 h5 11. g5 Nh7 12. Kf2 e5 13. d5 Ne7 14. Bh3 Bxh3 15. Rxh3 c5 16. a5 Nc8 17. Kg2 b5 18. axb6 Nxb6 19. b3 f6 20. Na4 Nxa4 21. Rxa4 fxg5 22. hxg5 Bf8 23. Ra1 Re7 24. Nc3 Rf7 25. Rf1 Be7 26. Rg3 Qc7 27. f4 exf4 28. Rxf4 Raf8 29. Rxf7 Rxf7 30. Ne2 Qc8 31. Kh2 h4 32. Rg2 Qf8 33. Bf4 Qe8 34. Qe3 Bf8 35. Rg4 1/2-1/2

[Event "Chalkida Evoiki op 5th"]
[Site "Chalkida"]
[Date "2023.01.07"]
[Round "4"]
[White "Nikolaidis, Konstantinos"]
[Black "Ziomas, Konstantinos Dimitr"]
[Result "1-0"]
[WhiteElo "2157"]
[BlackElo "1805"]
[PlyCount "77"]
[EventDate "2023.01.05"]
[EventType "swiss"]
[EventRounds "7"]
[EventCountry "GRE"]
[SourceTitle "CBM 212 Extra"]
[Source "ChessBase"]
[SourceDate "2023.03.31"]
[SourceVersion "1"]
[SourceVersionDate "2023.03.31"]
[SourceQuality "1"]

1. e4 c5 2. Nf3 Nc6 3. d4 cxd4 4. Nxd4 e5 5. Nb5 d6 6. c4 Be7 7. N1c3 a6 8. Na3 Be6 9. Nd5 Bxd5 10. cxd5 Nd4 11. Bd3 Nf6 12. 0-0 0-0 13. Be3 Nd7 14. Rc1 Rc8 15. Qd2 Rxc1 16. Rxc1 Qb8 17. b4 Rc8 18. Rc3 Nb6 19. Bf1 Bf6 20. Nc2 Rxc3 21. Qxc3 Na4 22. Qd2 Qa7 23. Qd3 b5 24. f4 h6 25. h3 Qb6 26. Bf2 Qa7 27. Kh1 Qb6 28. Bg1 Qa7 29. fxe5 dxe5 30. Qg3 Qd7 31. Nxd4 exd4 32. e5 Bg5 33. d6 Qa7 34. Qg4 Be3 35. Qc8+ Kh7 36. Bd3+ g6 37. e6 fxe6 38. Qxe6 Nb6 39. Qe7+ 1-0

[Event "Chalkida Evoiki op 5th"]
[Site "Chalkida"]
[Date "2023.01.06"]
[Round "3"]
[White "Ziomas, Konstantinos Dimitr"]
[Black "Karanasou, Ourania Fanouria"]
[Result "1-0"]
[WhiteElo "1805"]
[BlackElo "1139"]
[PlyCount "91"]
[EventDate "2023.01.05"]
[EventType "swiss"]
[EventRounds "7"]
[EventCountry "GRE"]
[SourceTitle "CBM 212 Extra"]
[Source "ChessBase"]
[SourceDate "2023.03.31"]
[SourceVersion "1"]
[SourceVersionDate "2023.03.31"]
[SourceQuality "1"]

1. e4 c6 2. d4 d5 3. Nc3 dxe4 4. Nxe4 Bf5 5. Ng3 Bg6 6. h4 h6 7. Nf3 Nd7 8. h5 Bh7 9. Bd3 Bxd3 10. Qxd3 Ngf6 11. Bf4 e6 12. 0-0-0 Nd5 13. Bd2 Qc7 14. Kb1 Be7 15. Ne4 N7f6 16. Ne5 Nxe4 17. Qxe4 Nf6 18. Qe2 Bd6 19. f4 0-0-0 20. Rh3 Rdf8 21. Rb3 Nd7 22. Nxc6 bxc6 23. Qa6+ Kd8 24. Ba5 Nb6 25. Rxb6 axb6 26. Bxb6 Qxb6 27. Qxb6+ Kd7 28. c4 Rc8 29. d5 cxd5 30. cxd5 exd5 31. Qb7+ Rc7 32. Qxd5 Rc6 33. Qxf7+ Kc8 34. Qxg7 Rd8 35. f5 Rd7 36. f6 Rcc7 37. Rc1 Bf4 38. Rxc7+ Kxc7 39. f7 Bd6 40. f8Q Bxf8 41. Qxf8 Rd6 42. a4 Ra6 43. Qc5+ Kb7 44. b4 Rc6 45. Qd5 Kc7 46. b5 1-0

[Event "GRE CupT 40th f/16"]
[Site "Greece"]
[Date "2022.06.19"]
[Round "1.7"]
[White "Karapiperis, Alexandros"]
[Black "Ziomas, Konstantinos Dimitr"]
[Result "1/2-1/2"]
[WhiteElo "1985"]
[BlackElo "1702"]
[PlyCount "131"]
[EventDate "2022.06.19"]
[EventType "team-k.o."]
[EventRounds "1"]
[EventCountry "GRE"]
[SourceTitle "EXT 2024"]
[Source "ChessBase"]
[SourceDate "2023.10.10"]
[SourceVersion "1"]
[SourceVersionDate "2023.10.10"]
[SourceQuality "1"]

1. e4 c5 2. Nf3 Nc6 3. Bb5 Nf6 4. Nc3 g6 5. e5 Ng4 6. Bxc6 dxc6 7. h3 Nh6 8. d3 Bg7 9. 0-0 0-0 10. Bf4 Nf5 11. Ne4 b6 12. c3 Ba6 13. Ne1 f6 14. exf6 exf6 15. Qa4 Bb5 16. Qb3+ Kh8 17. Rd1 Qd7 18. a4 Ba6 19. a5 Qd5 20. c4 Qd8 21. Nf3 Nd4 22. Nxd4 cxd4 23. axb6 axb6 24. c5 bxc5 25. Nxc5 Bc8 26. Rfe1 Ra5 27. Qc4 Qb6 28. b4 Rb5 29. Rb1 Qd8 30. Ne6 Bxe6 31. Rxe6 Re8 32. Rbe1 Rxe6 33. Qxe6 h5 34. Qf7 Kh7 35. Re7 Qg8 36. Qxf6 Rf5 37. Qxd4 Qf8 38. Rxg7+ Qxg7 39. Qe4 Qf7 40. Be3 Qd5 41. Qe7+ Rf7 42. Qe8 Qd7 43. Qe4 Re7 44. Qc4 Rf7 45. Bc5 Rf5 46. Qe4 Rd5 47. d4 Rf5 48. Qe1 Rf7 49. Qe2 Rf5 50. Qe3 Kg7 51. Be7 Rd5 52. Bc5 g5 53. Qf3 Qf7 54. Qe3 Kg6 55. Qe4+ Kh6 56. h4 gxh4 57. Qxh4 Rf5 58. Qg3 Rg5 59. Qe3 Kg6 60. Qe4+ Rf5 61. Qxc6+ Kh7 62. Qe4 Kg8 63. Qa8+ Kh7 64. Qe4 Kg8 65. Qa8+ Kh7 66. Qe4 1/2-1/2

[Event "EU-ch Amateur Online Final 2000/2300"]
[Site "Tornelo INT"]
[Date "2021.04.28"]
[Round "1"]
[White "Ziomas, Konstantinos Dimitr"]
[Black "Popist, Florian"]
[Result "0-1"]
[WhiteElo "1518"]
[BlackElo "2077"]
[PlyCount "54"]
[EventDate "2021.04.28"]
[EventType "swiss (rapid)"]
[EventRounds "9"]
[EventCountry "NET"]
[SourceTitle "EXT 2023"]
[Source "ChessBase"]
[SourceDate "2022.10.05"]
[SourceVersion "1"]
[SourceVersionDate "2022.10.05"]
[SourceQuality "1"]

1. Nf3 d5 2. g3 Nf6 3. Bg2 e6 4. d3 Be7 5. Nbd2 0-0 6. 0-0 b6 7. e4 Bb7 8. Qe2 c5 9. c3 dxe4 10. dxe4 Qc7 11. a4 Ba6 12. Nc4 Nc6 13. b3 Na5 14. Nfd2 Rad8 15. Rb1 Rd7 16. Rd1 Rfd8 17. Bf1 Nxc4 18. bxc4 Bb7 19. f3 Qe5 20. Bb2 Qg5 21. Nb3 Rxd1 22. Rxd1 Rxd1 23. Qxd1 Qe3+ 24. Kg2 Nxe4 25. fxe4 Bxe4+ 26. Kh3 Qh6+ 27. Kg4 f5# 0-1

[Event "EU-ch Amateur Online Final 2000/2300"]
[Site "Tornelo INT"]
[Date "2021.04.28"]
[Round "9"]
[White "Ziomas, Konstantinos Dimitr"]
[Black "Svensson, Mikael"]
[Result "1-0"]
[WhiteElo "1518"]
[BlackElo "2165"]
[PlyCount "91"]
[EventDate "2021.04.28"]
[EventType "swiss (rapid)"]
[EventRounds "9"]
[EventCountry "NET"]
[SourceTitle "EXT 2023"]
[Source "ChessBase"]
[SourceDate "2022.10.05"]
[SourceVersion "1"]
[SourceVersionDate "2022.10.05"]
[SourceQuality "1"]

1. e4 e6 2. d4 d5 3. exd5 exd5 4. Bd3 Nc6 5. Ne2 Qf6 6. c3 Bf5 7. Qc2 Bxd3 8. Qxd3 Bd6 9. 0-0 Nge7 10. Nd2 0-0 11. Nf3 h6 12. Bd2 Nd8 13. Rae1 Ne6 14. Ng3 Ng6 15. Nh5 Qe7 16. Re2 Nh4 17. Rfe1 Nxf3+ 18. Qxf3 Qh4 19. g3 Qh3 20. Qxd5 Rad8 21. Qf3 Ng5 22. Bxg5 hxg5 23. Re4 f5 24. Re6 g4 25. Nf4 Qxh2+ 26. Kxh2 gxf3 27. Ng6 Rf6 28. Rxf6 gxf6 29. Ne7+ Kf7 30. Nxf5 Rh8+ 31. Kg1 Rh5 32. Nh4 Rg5 33. Nxf3 Ra5 34. a3 c5 35. dxc5 Rxc5 36. Kg2 a5 37. a4 Rd5 38. Nd4 Be5 39. Rd1 Kg6 40. f4 Bb8 41. Kf3 Ba7 42. f5+ Kf7 43. g4 Re5 44. b3 Re8 45. Ne6 Rc8 46. c4 1-0

[Event "EU-ch Amateur Online Final 1700/2000"]
[Site "Tornelo INT"]
[Date "2021.04.25"]
[Round "8"]
[White "Kavalir, Jan"]
[Black "Ziomas, Konstantinos Dimitr"]
[Result "0-1"]
[WhiteElo "1987"]
[BlackElo "1518"]
[PlyCount "70"]
[EventDate "2021.04.25"]
[EventType "swiss (rapid)"]
[EventRounds "9"]
[EventCountry "NET"]
[SourceTitle "EXT 2023"]
[Source "ChessBase"]
[SourceDate "2022.10.05"]
[SourceVersion "1"]
[SourceVersionDate "2022.10.05"]
[SourceQuality "1"]

1. e4 Nc6 2. Nc3 e5 3. Bc4 Nf6 4. d3 Bc5 5. f4 0-0 6. Nf3 d6 7. Na4 Bb6 8. Nxb6 axb6 9. 0-0 Be6 10. b3 Bxc4 11. bxc4 Re8 12. f5 h6 13. c3 Qe7 14. Qe1 Nd7 15. g4 f6 16. h4 Nc5 17. Qd2 Nb3 18. Qb2 Nxa1 19. Qxa1 Kf7 20. g5 hxg5 21. hxg5 Rh8 22. g6+ Ke8 23. Qb1 Kd7 24. d4 Ra5 25. c5 dxc5 26. dxc5 Qxc5+ 27. Kg2 Kc8 28. Rf2 Kb8 29. Re2 Qb5 30. Qc2 Rd8 31. Be3 Qc4 32. Rf2 Qd3 33. Qxd3 Rxd3 34. Bd2 Rxa2 35. Kf1 Rxf3 0-1

[Event "EU-ch Amateur Online Final 1700/2000"]
[Site "Tornelo INT"]
[Date "2021.04.25"]
[Round "7"]
[White "Ziomas, Konstantinos Dimitr"]
[Black "Sirp, Karl Aleksander"]
[Result "0-1"]
[WhiteElo "1518"]
[BlackElo "1928"]
[PlyCount "58"]
[EventDate "2021.04.25"]
[EventType "swiss (rapid)"]
[EventRounds "9"]
[EventCountry "NET"]
[SourceTitle "EXT 2023"]
[Source "ChessBase"]
[SourceDate "2022.10.05"]
[SourceVersion "1"]
[SourceVersionDate "2022.10.05"]
[SourceQuality "1"]

1. d4 Nf6 2. c4 g6 3. Nc3 Bg7 4. Bg5 0-0 5. e3 d6 6. Be2 Nc6 7. Nf3 e5 8. dxe5 dxe5 9. 0-0 Qxd1 10. Rfxd1 Be6 11. Nd5 Ne8 12. Ne7+ Kh8 13. Nxc6 bxc6 14. Rac1 f6 15. Bh4 Nd6 16. b3 a5 17. c5 Nf5 18. Bc4 Bd5 19. Bg3 Rfd8 20. Nd2 Nxg3 21. hxg3 Bf8 22. e4 Bg8 23. Nf3 a4 24. Bxg8 Kxg8 25. b4 Kf7 26. a3 Ke6 27. Nd2 Bh6 28. Rc2 Rd3 29. Ra2 Rad8 0-1

[Event "EU-ch Amateur Online Final 1700/2000"]
[Site "Tornelo INT"]
[Date "2021.04.25"]
[Round "9"]
[White "Ziomas, Konstantinos Dimitr"]
[Black "Zvezdakoski, Matej"]
[Result "1/2-1/2"]
[WhiteElo "1518"]
[BlackElo "1929"]
[PlyCount "75"]
[EventDate "2021.04.25"]
[EventType "swiss (rapid)"]
[EventRounds "9"]
[EventCountry "NET"]
[SourceTitle "EXT 2023"]
[Source "ChessBase"]
[SourceDate "2022.10.05"]
[SourceVersion "1"]
[SourceVersionDate "2022.10.05"]
[SourceQuality "1"]

1. Nf3 Nf6 2. g3 g6 3. Bg2 Bg7 4. d3 d5 5. 0-0 0-0 6. c3 c5 7. Nbd2 Nc6 8. h3 e5 9. e4 d4 10. c4 a6 11. a3 b5 12. Qc2 Qe7 13. Re1 Rb8 14. b3 b4 15. a4 Nh5 16. Nf1 Qc7 17. N1h2 f5 18. exf5 gxf5 19. Qe2 Nf6 20. Nxe5 Nxe5 21. Qxe5 Qxe5 22. Rxe5 Ne4 23. Re7 Nc3 24. Bf4 Rb6 25. Rae1 Bh6 26. Bxh6 Rxh6 27. Nf3 f4 28. g4 Rc6 29. Nd2 Rcf6 30. Bf3 h5 31. Kg2 hxg4 32. hxg4 Rg6 33. R7e5 Bxg4 34. Bxg4 Rxg4+ 35. Kf3 Rh4 36. Rxc5 Rh3+ 37. Kg2 Rxd3 38. Nf3 1/2-1/2

[Event "GRE-chT Online Rapid op 1st"]
[Site "Tornelo INT"]
[Date "2021.02.21"]
[Round "8.25"]
[White "Fournarakis, Polychronis"]
[Black "Ziomas, Konstantinos Dimitr"]
[Result "0-1"]
[WhiteElo "1106"]
[BlackElo "1518"]
[PlyCount "110"]
[EventDate "2021.02.20"]
[EventType "team-swiss (rapid)"]
[EventRounds "9"]
[EventCountry "GRE"]
[SourceTitle "EXT 2023"]
[Source "ChessBase"]
[SourceDate "2022.10.05"]
[SourceVersion "1"]
[SourceVersionDate "2022.10.05"]
[SourceQuality "1"]

1. d4 Nf6 2. c4 e6 3. Nf3 Bb4+ 4. Bd2 a5 5. Nc3 d6 6. e3 Nbd7 7. Qc2 Qe7 8. Bd3 e5 9. dxe5 Nxe5 10. Nxe5 dxe5 11. a3 Bd6 12. Nd5 Nxd5 13. cxd5 Bd7 14. e4 0-0 15. Be3 b5 16. Qd2 b4 17. 0-0 bxa3 18. bxa3 Bxa3 19. Qc3 Bd6 20. Rfb1 f5 21. f3 f4 22. Bf2 Qg5 23. Rxa5 Rxa5 24. Qxa5 h5 25. h4 Qe7 26. Bb5 Bc8 27. Bc6 g5 28. hxg5 Qxg5 29. Kf1 Kh8 30. Bc5 Rg8 31. Rb2 Bxc5 32. Qxc5 Ba6+ 33. Bb5 Bxb5+ 34. Qxb5 Qh4 35. Qc5 Qh1+ 36. Qg1 Qh4 37. Qf2 Qe7 38. Qa7 Qh4 39. Rb8 Qh1+ 40. Ke2 Qxg2+ 41. Kd3 Qxf3+ 42. Kc2 Qxe4+ 43. Kb2 Qd4+ 44. Qxd4 exd4 45. Rb7 Rd8 46. Rxc7 Rxd5 47. Kc2 d3+ 48. Kd2 h4 49. Rf7 Rd4 50. Rf5 Kg7 51. Rh5 Kg6 52. Rxh4 Kg5 53. Rh8 Kg4 54. Rg8+ Kf3 55. Kc3 d2 0-1

[Event "GRE-chT Online Rapid op 1st"]
[Site "Tornelo INT"]
[Date "2021.02.20"]
[Round "4.5"]
[White "Rousis, Mihail"]
[Black "Ziomas, Konstantinos Dimitr"]
[Result "1-0"]
[WhiteElo "2046"]
[BlackElo "1518"]
[PlyCount "83"]
[EventDate "2021.02.20"]
[EventType "team-swiss (rapid)"]
[EventRounds "9"]
[EventCountry "GRE"]
[SourceTitle "EXT 2023"]
[Source "ChessBase"]
[SourceDate "2022.10.05"]
[SourceVersion "1"]
[SourceVersionDate "2022.10.05"]
[SourceQuality "1"]

1. e4 Nc6 2. Nf3 d5 3. exd5 Qxd5 4. Nc3 Qa5 5. h3 Nf6 6. Bc4 Bf5 7. d3 e6 8. Bd2 Qc5 9. Qe2 Nd4 10. Nxd4 Qxd4 11. 0-0-0 c6 12. g4 Bg6 13. f4 0-0-0 14. Be3 Qd6 15. Qf2 h5 16. f5 Bh7 17. Ne4 Qe5 18. Nxf6 gxf6 19. Rhe1 Qa5 20. fxe6 fxe6 21. Qxf6 Bd6 22. g5 Kb8 23. g6 Rhf8 24. Qg5 Rf5 25. Qh6 Bg8 26. Bd2 Qa4 27. Re4 Rf2 28. Qg5 Rdf8 29. g7 R8f6 30. Qxh5 Rxd2 31. Rxd2 Rf1+ 32. Rd1 Bf4+ 33. Rxf4 Rxf4 34. Qe8+ Kc7 35. Qxg8 Rf2 36. b3 Rxc2+ 37. Kxc2 Qxa2+ 38. Kc3 Qa5+ 39. Kb2 Qe5+ 40. Kb1 Qe2 41. Qf7+ Kb6 42. Qf1 1-0

[Event "GRE-ch South U14"]
[Site "Athens"]
[Date "2020.08.31"]
[Round "6"]
[White "Ziomas, Konstantinos Dimitr"]
[Black "Tsourekas, Kyriakos"]
[Result "1/2-1/2"]
[WhiteElo "1311"]
[BlackElo "1435"]
[PlyCount "63"]
[EventDate "2020.08.28"]
[EventType "swiss"]
[EventRounds "9"]
[EventCountry "GRE"]
[SourceTitle "EXT 2023"]
[Source "ChessBase"]
[SourceDate "2022.10.05"]
[SourceVersion "1"]
[SourceVersionDate "2022.10.05"]
[SourceQuality "1"]

1. e4 c6 2. d4 d5 3. Nc3 dxe4 4. Nxe4 Bf5 5. Ng3 Bg6 6. h4 h6 7. h5 Bh7 8. Nf3 Nd7 9. Bd3 Bxd3 10. Qxd3 e6 11. Bd2 Ngf6 12. 0-0-0 Bd6 13. Ne4 Nxe4 14. Qxe4 Nf6 15. Qe2 Qc7 16. Kb1 0-0-0 17. c4 Rhe8 18. Bc3 Qe7 19. Ne5 Rf8 20. Ba5 Bc7 21. Bxc7 Qxc7 22. f4 Rd6 23. g4 Rfd8 24. g5 hxg5 25. fxg5 Nh7 26. Nf3 Qa5 27. c5 Rd5 28. Rhg1 Qc7 29. g6 Nf8 30. Rg5 fxg6 31. hxg6 Qf4 32. Re5 1/2-1/2

[Event "GRE-ch South U14"]
[Site "Athens"]
[Date "2020.08.29"]
[Round "3"]
[White "Ziomas, Konstantinos Dimitr"]
[Black "Tragoudaras, Nikolaos"]
[Result "0-1"]
[WhiteElo "1311"]
[BlackElo "1591"]
[PlyCount "56"]
[EventDate "2020.08.28"]
[EventType "swiss"]
[EventRounds "9"]
[EventCountry "GRE"]
[SourceTitle "EXT 2023"]
[Source "ChessBase"]
[SourceDate "2022.10.05"]
[SourceVersion "1"]
[SourceVersionDate "2022.10.05"]
[SourceQuality "1"]

1. e4 c5 2. Nf3 d6 3. d4 cxd4 4. Nxd4 Nf6 5. Nc3 a6 6. Bg5 e6 7. f4 Nbd7 8. Qf3 Qc7 9. Bd3 b5 10. 0-0-0 Be7 11. Rhe1 Bb7 12. Qg3 b4 13. Nd5 exd5 14. exd5 Kd8 15. Nc6+ Bxc6 16. dxc6 Qxc6 17. Bxf6 Nxf6 18. Qxg7 Re8 19. Bf5 Qc4 20. Qh6 Qc5 21. g4 Ra7 22. Rxe7 Raxe7 23. Qxf6 Kc7 24. b3 Re1 25. Rxe1 Rxe1+ 26. Kb2 Qe3 27. a4 Qc1+ 28. Ka2 Qb1# 0-1